[Event "Ì11Â"]
[Site "Loo"]
[Date "2017.04.22"]
[Round "3.1"]
[White "Ìàíåëþê, Äàíèèë."]
[Black "Êîëåñîâ, Ãîðäåé."]
[Result "1/2-1/2"]
[WhiteElo "1976"]
[BlackElo "1619"]
[PlyCount "104"]
[EventDate "2017.04.20"]

1. e4 c5 2. Nf3 e6 3. d4 cxd4 4. Nxd4 Nf6 5. Nc3 d6 6. Be3 Be7 7. f3 Nc6 8. Qd2
a6 9. O-O-O Qc7 10. g4 Ne5 11. g5 Nfd7 12. f4 Nc4 13. Bxc4 Qxc4 14. f5 Nc5 15.
a3 Na4 16. Nxa4 Qxa4 17. Qd3 Bd7 18. g6 hxg6 19. fxe6 fxe6 20. e5 O-O-O 21.
Qxg6 dxe5 22. Nb3 Bf6 23. Bb6 Be8 24. Rxd8+ Bxd8 25. Qxg7 Qf4+ 26. Kb1 Qf6 27.
Qxf6 Bxf6 28. Rf1 Be7 29. Rf2 Kd7 30. Re2 Bd6 31. Be3 Kc7 32. Nc5 Bxc5 33. Bxc5
Kc6 34. Rxe5 Bd7 35. Bg1 Rg8 36. Bf2 Kd6 37. Re3 Bc6 38. Bg3+ Ke7 39. b3 Rf8
40. Kb2 Rf3 41. Rxf3 Bxf3 42. Kc3 Kf6 43. Kd4 Bd1 44. Kd3 e5 45. b4 Kf5 46. c4
Bf3 47. b5 axb5 48. cxb5 Bg2 49. Kc4 e4 50. Kc5 e3 51. Kb6 Kg4 52. a4 e2
1/2-1/2

[Event "Ì11Â"]
[Site "Loo"]
[Date "2017.04.22"]
[Round "3.2"]
[White "Ôîìèí, Íèêèòà."]
[Black "Âîëêîâ, Ìàêñèì."]
[Result "0-1"]
[WhiteElo "1612"]
[BlackElo "1862"]
[PlyCount "138"]
[EventDate "2017.04.20"]

1. e4 e6 2. d4 d5 3. Nd2 c5 4. Ngf3 a6 5. Be2 Nc6 6. c3 Nf6 7. e5 Nd7 8. Bd3
Qb6 9. Qb3 Qxb3 10. axb3 cxd4 11. cxd4 Nb4 12. Bb1 Nb6 13. O-O Bd7 14. Re1 Bb5
15. Nf1 Rc8 16. Bd2 Be7 17. Ne3 Kd7 18. Bc3 h6 19. h4 g5 20. hxg5 hxg5 21. Nxg5
Ke8 22. Nh3 Rh4 23. f3 Kd7 24. Nf2 Nc6 25. Neg4 Nb4 26. g3 Rhh8 27. Kg2 Ra8 28.
Rh1 Rxh1 29. Kxh1 a5 30. Bxb4 Bxb4 31. Bd3 Bxd3 32. Nxd3 Rc8 33. Rc1 Rxc1+ 34.
Nxc1 a4 35. Nd3 a3 36. bxa3 Bxa3 37. Kg2 Nc8 38. Kf2 Ne7 39. Nh6 Ke8 40. f4 Kf8
41. g4 Kg7 42. g5 Nc6 43. Ke3 Na5 44. b4 Nc4+ 45. Ke2 Nb2 46. b5 Nxd3 47. Kxd3
Bc1 48. f5 Bxg5 49. fxe6 Kxh6 50. exf7 Kg7 51. Kc3 Kxf7 52. Kb4 b6 53. Kc3 Ke6
54. Kc2 Bf4 55. Kd3 Bxe5 56. dxe5 Kxe5 57. Ke3 d4+ 58. Kd3 Kd5 59. Kd2 Ke4 60.
Ke2 d3+ 61. Kd2 Kd4 62. Kd1 Kc5 63. Kd2 Kc4 64. Kd1 Kxb5 65. Kd2 Kc4 66. Kd1
Kc3 67. Kc1 d2+ 68. Kd1 b5 69. Ke2 Kc2 0-1

[Event "Ì11Â"]
[Site "Loo"]
[Date "2017.04.22"]
[Round "3.3"]
[White "Ìàêîâ, Àðòåì."]
[Black "Êðèâåíêî, Äìèòðèé."]
[Result "1/2-1/2"]
[WhiteElo "1604"]
[BlackElo "1659"]
[PlyCount "62"]
[EventDate "2017.04.20"]

1. d4 Nf6 2. Nf3 d6 3. c4 Nbd7 4. Nc3 e5 5. e4 Be7 6. Be2 c6 7. O-O O-O 8. d5
cxd5 9. cxd5 Ne8 10. Nd2 g6 11. Nc4 Ng7 12. Be3 f5 13. f3 Nf6 14. a4 Nfh5 15.
g3 f4 16. Bf2 Bh3 17. Re1 fxg3 18. hxg3 Nxg3 19. Bxg3 Bh4 20. Kf2 Bxg3+ 21.
Kxg3 Rf4 22. Kf2 Nf5 23. exf5 Qh4+ 24. Ke3 Rd4 25. Bd3 Qf4+ 26. Ke2 Qh2+ 27.
Ke3 Qf4+ 28. Ke2 Qh2+ 29. Ke3 Qf4+ 30. Ke2 Qh2+ 31. Ke3 Qf4+ 1/2-1/2

[Event "Ì11Â"]
[Site "Loo"]
[Date "2017.04.22"]
[Round "3.4"]
[White "Êî÷åòîâ, Âëàäèñëàâ."]
[Black "Ôîìêèí, Äìèòðèé."]
[Result "1-0"]
[WhiteElo "1648"]
[BlackElo "1579"]
[PlyCount "105"]
[EventDate "2017.04.20"]

1. d4 d5 2. Nc3 Nf6 3. Bf4 e6 4. e3 Bd6 5. Nf3 O-O 6. Bd3 c6 7. O-O Qc7 8. Ne2
Nbd7 9. c4 Ne4 10. Bxd6 Qxd6 11. Nd2 f5 12. f3 Nxd2 13. Qxd2 Nf6 14. Qc2 Bd7
15. c5 Qc7 16. e4 fxe4 17. fxe4 Ng4 18. Rxf8+ Rxf8 19. e5 g6 20. h3 Ne3 21. Qd2
Nf5 22. Bxf5 Rxf5 23. g4 Rf7 24. Rf1 Rxf1+ 25. Kxf1 b6 26. Kg2 bxc5 27. b4 cxd4
28. Qxd4 Qb6 29. a4 Qxd4 30. Nxd4 Kf7 31. Kf3 c5 32. bxc5 Bxa4 33. Ke3 Bd7 34.
Kd3 Ke7 35. Kc3 Kd8 36. Kb4 Kc7 37. g5 Bc8 38. Nb5+ Kb7 39. Nd6+ Kc7 40. Nb5+
Kb7 41. h4 a6 42. Nd6+ Kc7 43. Ne8+ Kc6 44. Nf6 a5+ 45. Kxa5 Kxc5 46. Nxh7 Bd7
47. Nf6 Bc8 48. h5 d4 49. hxg6 d3 50. g7 Bb7 51. g8=Q d2 52. Qd8 Bd5 53. Ne4+
1-0

[Event "Ì11Â"]
[Site "Loo"]
[Date "2017.04.22"]
[Round "3.5"]
[White "Ñèìîíÿí, Ãðèãîðèé."]
[Black "Ïèíãèí, Àðòåì."]
[Result "1/2-1/2"]
[WhiteElo "1937"]
[BlackElo "1576"]
[PlyCount "116"]
[EventDate "2017.04.20"]

1. e4 c6 2. d4 d5 3. exd5 cxd5 4. c3 Nf6 5. Bf4 Nc6 6. Nf3 Bf5 7. Qb3 Qc8 8. a3
e6 9. Nbd2 Be7 10. Be2 O-O 11. O-O a6 12. a4 Qd7 13. Nh4 Be4 14. Nhf3 Bf5 15.
Rfe1 Rfc8 16. Rac1 Bd6 17. Ne5 Bxe5 18. dxe5 Ne8 19. Nf3 Rab8 20. Nd4 Bg6 21.
h4 h6 22. Qd1 Nxd4 23. Qxd4 Qe7 24. Be3 Bf5 25. g3 Nc7 26. Kg2 b5 27. a5 Ne8
28. b4 Rb7 29. Rh1 f6 30. g4 Bg6 31. g5 fxe5 32. Qxe5 h5 33. Bf4 Rd7 34. Rhe1
Nd6 35. Bf3 Ne4 36. Bxe4 Bxe4+ 37. f3 Bf5 38. Re2 Qf7 39. Be3 Rf8 40. Rf2 Rc8
41. Bd4 Qg6 42. Kg3 Kh7 43. Rd1 Re8 44. Re1 Bd3 45. Bc5 Qf5 46. Qxf5+ Bxf5 47.
Kf4 g6 48. Bd4 Kg8 49. Re5 Kf7 50. Rfe2 Rc8 51. R5e3 Rc6 52. Ke5 Rc4 53. Rd2
Rdc7 54. Kf4 Re7 55. Kg3 Rc6 56. Bc5 Rd7 57. Kf4 Rb7 58. Ke5 Rd7 1/2-1/2

[Event "Ì11Â"]
[Site "Loo"]
[Date "2017.04.22"]
[Round "3.6"]
[White "Èâ÷åíêî, Àëåêñàíäð."]
[Black "Ãàøåâ, Ìàòâåé."]
[Result "1/2-1/2"]
[WhiteElo "1664"]
[BlackElo "1582"]
[PlyCount "111"]
[EventDate "2017.04.20"]

1. d4 d5 2. Nc3 c6 3. e4 dxe4 4. Nxe4 Nf6 5. Nxf6+ exf6 6. c3 Bd6 7. Bd3 O-O 8.
Be3 Re8 9. Qc2 h6 10. O-O-O b5 11. Bd2 Qa5 12. b3 Qa3+ 13. Kb1 Qa6 14. f3 Qb7
15. g4 a5 16. h4 b4 17. g5 bxc3 18. Bxc3 a4 19. gxh6 axb3 20. Bh7+ Kf8 21.
hxg7+ Kxg7 22. axb3 Be6 23. d5 cxd5 24. Ne2 d4 25. Nxd4 Ra3 26. Rhg1+ Kf8 27.
Rg8+ Ke7 28. Nxe6 Rxb3+ 29. Bb2 Rxg8 30. Re1 Rxb2+ 31. Qxb2 Qxb2+ 32. Kxb2 Rg2+
33. Kb3 fxe6 34. Bf5 e5 35. Rh1 Nc6 36. Be4 Nd4+ 37. Kc4 Rg8 38. f4 Rc8+ 39.
Kd3 Ne6 40. fxe5 Bxe5 41. h5 Nc5+ 42. Ke3 Nxe4 43. Kxe4 Rh8 44. Kf5 Kf7 45. Rh4
Rh6 46. Rh3 Ke7 47. Rh4 Kd7 48. Rh3 Kd6 49. Rh1 Ke7 50. Rh3 Kf7 51. Rh1 Rh7 52.
Rh4 Kg7 53. Rg4+ Kh6 54. Rg6+ Kxh5 55. Rg1 Kh6 56. Rg6+ 1/2-1/2

[Event "Ì11Â"]
[Site "Loo"]
[Date "2017.04.22"]
[Round "3.7"]
[White "Âåòîõèí, Ñàââà."]
[Black "Ñàâåëüåâ, Èâàí."]
[Result "1/2-1/2"]
[WhiteElo "1657"]
[BlackElo "1478"]
[PlyCount "76"]
[EventDate "2017.04.20"]

1. e4 e5 2. Nc3 Nf6 3. f4 d6 4. Nf3 exf4 5. d4 Bg4 6. Bxf4 Be7 7. Be2 O-O 8.
O-O Nc6 9. d5 Bxf3 10. Bxf3 Ne5 11. Nb5 Nfd7 12. Nd4 g6 13. Bh6 Re8 14. Bg4 Bg5
15. Bxd7 Nxd7 16. Bxg5 Qxg5 17. Qe2 Qe5 18. Qf2 Re7 19. b4 Rae8 20. Rae1 Nb6
21. Nf3 Qf4 22. g3 Qf6 23. Qe3 Nxd5 24. Qxa7 Nxb4 25. Qxb7 Nxc2 26. e5 dxe5 27.
Nd4 exd4 28. Rxf6 Rxe1+ 29. Kg2 d3 30. Qxc7 R1e7 31. Qd6 d2 32. Kh3 Re2 33. Qd7
R8e7 34. Qd8+ Re8 35. Qd7 R8e7 36. Qd8+ Re8 37. Qd7 R8e7 38. Qd8+ Re8 1/2-1/2

[Event "Ì11Â"]
[Site "Loo"]
[Date "2017.04.22"]
[Round "3.8"]
[White "Ïåòðîâñêèé, Íèêèòà."]
[Black "Âîëêîâ, Èëüÿ."]
[Result "1-0"]
[WhiteElo "1583"]
[BlackElo "1404"]
[PlyCount "111"]
[EventDate "2017.04.20"]

1. e4 c5 2. Nf3 e6 3. d4 cxd4 4. Nxd4 Nf6 5. Nc3 Nc6 6. Ndb5 a6 7. Nd6+ Bxd6 8.
Qxd6 Qe7 9. Qd1 b5 10. a3 h6 11. Bd3 O-O 12. O-O Bb7 13. f4 d6 14. Qe1 Rad8 15.
h3 e5 16. f5 Nh7 17. Nd5 Qd7 18. f6 g5 19. Qd1 Kh8 20. Qh5 Rg8 21. Qxh6 Rg6 22.
Qh5 Rdg8 23. Ne3 Nd4 24. Nd5 Nc6 25. Be2 Qe8 26. Be3 Bc8 27. Bg4 Bxg4 28. Qxg4
Qe6 29. c3 Rh6 30. Nc7 Qxg4 31. hxg4 Rh4 32. Nxa6 Rxg4 33. Nc7 Rxe4 34. Nd5 Rg6
35. Rae1 Kg8 36. Nc7 Nxf6 37. Nxb5 Nd5 38. Bd2 Rxe1 39. Rxe1 f5 40. c4 Nb6 41.
b3 f4 42. a4 Re6 43. a5 Nc8 44. a6 Re7 45. Bc3 Kf7 46. b4 Ke8 47. Rd1 Rd7 48.
Kf2 N6a7 49. Nxa7 Rxa7 50. b5 Ke7 51. Bb4 Ke6 52. c5 Kd7 53. cxd6 g4 54. Bc5
Ra8 55. Rb1 Na7 56. Bxa7 1-0

[Event "Ì11Â"]
[Site "Loo"]
[Date "2017.04.22"]
[Round "3.9"]
[White "Ëûñöîâ, Ëåîíèä."]
[Black "Øåêà, Íèêîëàé."]
[Result "1/2-1/2"]
[WhiteElo "1864"]
[BlackElo "1399"]
[PlyCount "98"]
[EventDate "2017.04.20"]

1. e4 c5 2. Nf3 g6 3. d4 cxd4 4. Nxd4 Nc6 5. c4 Nf6 6. Nc3 d6 7. f3 Nxd4 8.
Qxd4 Bg7 9. Be3 O-O 10. Qd2 Be6 11. Rc1 Qa5 12. Nd5 Qxd2+ 13. Kxd2 Bxd5 14.
cxd5 Rac8 15. Rxc8 Rxc8 16. g3 Nd7 17. Bh3 Rc7 18. Rc1 Rxc1 19. Kxc1 Ne5 20.
Bxa7 Nxf3 21. Bc8 b5 22. Ba6 b4 23. h4 Be5 24. Be2 Nd4 25. Bc4 f5 26. exf5 Nxf5
27. g4 Nxh4 28. Bb6 Ng2 29. Ba5 Ne3 30. Be2 Nxd5 31. Bc4 e6 32. Bxd5 exd5 33.
Bxb4 h5 34. gxh5 gxh5 35. Be1 Bf6 36. a4 h4 37. a5 h3 38. Bg3 Be5 39. a6 Bd4
40. Kd2 Bc5 41. Bxd6 Ba7 42. Ke2 d4 43. Kf3 Kf7 44. Kg3 Ke6 45. Bf4 Kf5 46. Bc1
Ke4 47. Kxh3 Kd3 48. Bf4 Kc2 49. b4 Kb3 1/2-1/2

[Event "Ì11Â"]
[Site "Loo"]
[Date "2017.04.22"]
[Round "3.10"]
[White "Îãëîáëèí, Èëüÿ."]
[Black "Äóäàðåâ, Âëàäèñëàâ."]
[Result "0-1"]
[WhiteElo "1475"]
[BlackElo "2051"]
[PlyCount "60"]
[EventDate "2017.04.20"]

1. e4 c5 2. Nf3 d6 3. d4 cxd4 4. Nxd4 Nf6 5. Nc3 g6 6. Be3 Bg7 7. f3 O-O 8. Qd2
Nc6 9. g4 Be6 10. O-O-O d5 11. h4 Nxd4 12. Bxd4 dxe4 13. Qh2 Qa5 14. h5 exf3
15. hxg6 fxg6 16. Bxf6 Rxf6 17. Qxh7+ Kf7 18. Qh2 Rh8 19. Qg1 Rxh1 20. Qxh1
Qg5+ 21. Kb1 Qxg4 22. Rd8 Qh5 23. Ne4 Qa5 24. Rd1 Qxa2+ 25. Kc1 Rf5 26. Qh4
Qxb2+ 27. Kd2 Qb4+ 28. Ke3 Qb6+ 29. Kd2 Rd5+ 30. Ke1 Qe3+ 0-1

[Event "Ì11Â"]
[Site "Loo"]
[Date "2017.04.22"]
[Round "3.11"]
[White "Âàôèí, Òàãèð."]
[Black "Þøèí, Èãîðü."]
[Result "0-1"]
[WhiteElo "1428"]
[BlackElo "1801"]
[PlyCount "106"]
[EventDate "2017.04.20"]

1. d4 d5 2. c4 c6 3. cxd5 cxd5 4. Nf3 Nf6 5. Nc3 e6 6. Bf4 a6 7. e3 Bd6 8. Bxd6
Qxd6 9. Bd3 Nc6 10. O-O O-O 11. Qe2 b5 12. e4 dxe4 13. Nxe4 Nxe4 14. Qxe4 f5
15. Qh4 Rf6 16. Rac1 Bb7 17. Rfd1 Rg6 18. Bb1 Ne7 19. Ne1 Rg4 20. Qh3 Ng6 21.
Qb3 Nf4 22. Bxf5 Bd5 23. Qc2 exf5 24. Qxf5 Be6 25. Qc2 Rc8 26. Qd2 Rxc1 27.
Rxc1 Bc4 28. f3 Ne2+ 29. Kh1 Rxd4 30. Qe3 Nxc1 31. Qxc1 Rd1 32. Qe3 Qe6 33.
Qxe6+ Bxe6 34. Kg1 Rxe1+ 35. Kf2 Rh1 36. h3 Bxa2 37. Ke3 Rb1 38. Kd4 Rxb2 39.
g4 Rc2 40. g5 b4 41. g6 h6 42. f4 b3 43. f5 b2 44. f6 b1=Q 45. f7+ Kf8 46. h4
Qd1+ 47. Ke5 Re2+ 48. Kf4 Qf1+ 49. Kg4 Re4+ 50. Kg3 Qf4+ 51. Kg2 Re2+ 52. Kg1
Qf2+ 53. Kh1 Bd5# 0-1

[Event "Ì11Â"]
[Site "Loo"]
[Date "2017.04.22"]
[Round "3.12"]
[White "Õóáóêøàíîâ, Ýðäýì."]
[Black "Áóãàåö, Äàíèèë."]
[Result "1-0"]
[WhiteElo "1791"]
[BlackElo "1418"]
[PlyCount "119"]
[EventDate "2017.04.20"]

1. e4 e5 2. Nf3 Nc6 3. Bc4 Bc5 4. O-O Nf6 5. d3 h6 6. c3 d6 7. a4 a6 8. Re1 O-O
9. Nbd2 Re8 10. Nf1 Be6 11. Ng3 Bxc4 12. dxc4 a5 13. Nf5 Ne7 14. N3h4 Nxf5 15.
Nxf5 Kh7 16. Qf3 Rg8 17. Qh3 h5 18. Bg5 Bxf2+ 19. Kxf2 Nxe4+ 20. Rxe4 Qxg5 21.
Ng3 g6 22. Qh4 Qxh4 23. Rxh4 f5 24. Ne2 Kh6 25. Rh3 Raf8 26. Rd3 f4 27. Rd5 b6
28. Rad1 g5 29. b4 axb4 30. cxb4 g4 31. c5 e4 32. Nxf4 Rxf4+ 33. Ke3 Rf6 34.
cxd6 c6 35. Re5 Rd8 36. d7 Rf7 37. Re6+ Kg5 38. Rxc6 Rdxd7 39. Rxd7 Rxd7 40.
Rxb6 Re7 41. g3 Rc7 42. Rb5+ Kg6 43. Rc5 Rf7 44. a5 Rf3+ 45. Kxe4 Rf2 46. a6
Rf8 47. b5 Re8+ 48. Re5 Rb8 49. a7 Ra8 50. b6 Kf6 51. Ra5 Re8+ 52. Kf4 Rc8 53.
a8=Q Rxa8 54. Rxa8 Ke6 55. b7 Kd5 56. b8=Q Kd4 57. Qd6+ Kc3 58. Rc8+ Kb3 59.
Qb6+ Ka4 60. Ra8# 1-0

[Event "Ì11Â"]
[Site "Loo"]
[Date "2017.04.22"]
[Round "3.13"]
[White "Òîìîâ, Åâãåíèé."]
[Black "Ïîðîøèí, Àëåêñàíäð."]
[Result "0-1"]
[WhiteElo "1336"]
[BlackElo "1664"]
[PlyCount "176"]
[EventDate "2017.04.20"]

1. e4 c6 2. d4 d5 3. e5 Bf5 4. Nf3 e6 5. Bf4 Qb6 6. Bc1 c5 7. c3 Nc6 8. Bd3
Bxd3 9. Qxd3 cxd4 10. cxd4 Bb4+ 11. Nc3 Nge7 12. a3 Bxc3+ 13. bxc3 Rc8 14. Bd2
Na5 15. O-O Nc4 16. Rfb1 Qc7 17. h3 b6 18. Rc1 Nc6 19. Qc2 h6 20. Qb3 O-O 21.
Qc2 Qe7 22. Qa2 Rc7 23. Be1 Rfc8 24. Nd2 N6a5 25. Nb3 Rb7 26. Nd2 Nxd2 27. Bxd2
Rc4 28. Rcb1 Rbc7 29. Rb4 R4c6 30. Qb1 Nc4 31. Be1 Qg5 32. Qd3 Qe7 33. Qb1 Na5
34. Qa2 Rc4 35. Qb2 Qd8 36. Rc1 Qc8 37. Rb1 Qa6 38. Qe2 Qc8 39. Qb2 R4c6 40.
Rc1 Nc4 41. Qa2 Qf8 42. Rb3 Qe7 43. Bd2 Qh4 44. Qc2 Na5 45. Rb2 Qe7 46. Ra2 Rc4
47. Rca1 Qd7 48. Be1 Qa4 49. Qxa4 Rxa4 50. Rb1 Nc4 51. Rb4 Rxb4 52. axb4 f6 53.
exf6 gxf6 54. Kf1 Nd6 55. Ke2 Nb5 56. Kd3 Kf7 57. f4 Nd6 58. g4 f5 59. Rh2 Ne4
60. Rg2 fxg4 61. hxg4 Kg6 62. Bd2 Nxd2 63. Kxd2 a5 64. bxa5 bxa5 65. Kc2 Rb7
66. Kd3 h5 67. gxh5+ Kxh5 68. Ra2 Rb5 69. Ke3 Kg4 70. Rg2+ Kf5 71. Rg5+ Kf6 72.
Kd3 a4 73. Rg2 Kf5 74. Ra2 Ra5 75. c4 dxc4+ 76. Kxc4 Kxf4 77. Kb4 Ra8 78. Ka3
Ke3 79. Kb4 Kxd4 80. Rd2+ Ke3 81. Ra2 a3 82. Kb3 e5 83. Kc3 e4 84. Kc4 Kf3 85.
Kd4 e3 86. Kd3 e2 87. Kd2 Rd8+ 88. Ke1 Rd1# 0-1

[Event "Ì11Â"]
[Site "Loo"]
[Date "2017.04.22"]
[Round "3.14"]
[White "Òàíäåëîâ, Àðñåíèé."]
[Black "Ìåäâåäåâ, Ìàòâåé."]
[Result "1-0"]
[WhiteElo "1305"]
[BlackElo "1605"]
[PlyCount "89"]
[EventDate "2017.04.20"]

1. e4 c6 2. d3 d5 3. Nd2 e6 4. Ngf3 Nf6 5. g3 Be7 6. Bg2 c5 7. O-O Nc6 8. Re1
O-O 9. c3 b6 10. e5 Nd7 11. d4 Bb7 12. Nf1 Rc8 13. a3 Qc7 14. h4 Na5 15. g4
cxd4 16. cxd4 Qc2 17. Ne3 Qxd1 18. Rxd1 Nb3 19. Rb1 Rc7 20. Bd2 Rfc8 21. g5 b5
22. h5 Nb6 23. Bh3 g6 24. hxg6 hxg6 25. Ng4 Kg7 26. Nf6 Rc2 27. Be3 Na4 28. Rd3
Na5 29. b4 Nc4 30. Ne1 Ra2 31. Bc1 Bxf6 32. gxf6+ Kf8 33. Bg4 Ke8 34. Rh3 Nd2
35. Bxd2 Rxd2 36. Nf3 Rd3 37. Rh7 Rxf3 38. Bxf3 Rc3 39. Kg2 Nb6 40. Rh8+ Kd7
41. Rf8 Bc8 42. Rxf7+ Ke8 43. Re7+ Kf8 44. Rh1 Kg8 45. Rg7+ 1-0

[Event "Ì11Â"]
[Site "Loo"]
[Date "2017.04.22"]
[Round "3.15"]
[White "Ãðóíèí, Äåíèñ."]
[Black "Âëàñîâ, Äìèòðèé."]
[Result "1-0"]
[WhiteElo "1556"]
[BlackElo "1304"]
[PlyCount "117"]
[EventDate "2017.04.20"]

1. e4 e6 2. d4 d5 3. Nd2 c5 4. Ngf3 Nc6 5. c3 Qb6 6. Qb3 Qxb3 7. axb3 cxd4 8.
cxd4 Bb4 9. exd5 exd5 10. Bb5 Bd7 11. O-O Nge7 12. Nb1 O-O 13. Nc3 a6 14. Bxc6
Bxc6 15. Ne5 Rac8 16. Bd2 f6 17. Nxc6 Nxc6 18. Be3 Rfd8 19. Rac1 Na5 20. Na2
Bd6 21. Rxc8 Rxc8 22. Rc1 Rxc1+ 23. Nxc1 Kf7 24. Kf1 Ke6 25. Ke2 Kf5 26. Kf3 h5
27. h3 g5 28. g4+ hxg4+ 29. hxg4+ Kg6 30. Ke2 f5 31. f3 f4 32. Bd2 Nc6 33. Kd3
Kf7 34. Na2 Ke6 35. Be1 Ne7 36. Ba5 Ng6 37. Nc3 Be7 38. Na4 Nh4 39. Ke2 b5 40.
Nc5+ Bxc5 41. dxc5 Kd7 42. Bc3 Kc6 43. b4 a5 44. bxa5 Kxc5 45. b4+ Kc6 46. Bf6
Ng6 47. Bxg5 d4 48. Bf6 Kd5 49. Bxd4 Kxd4 50. a6 Kc3 51. a7 Kxb4 52. a8=Q Kb3
53. Qg8+ Kb2 54. Qxg6 b4 55. Kd2 b3 56. Qf6+ Kb1 57. Qb6 Ka2 58. Kc1 Ka1 59.
Qa5# 1-0

[Event "Ì11Â"]
[Site "Loo"]
[Date "2017.04.22"]
[Round "3.18"]
[White "Èñìàãèëîâ, Èãîðü."]
[Black "Ñóëåéìàíîâ, Ýìèðëàí."]
[Result "1/2-1/2"]
[WhiteElo "1853"]
[BlackElo "1336"]
[PlyCount "141"]
[EventDate "2017.04.20"]

1. d4 Nf6 2. Nf3 g6 3. Bg5 Bg7 4. Nbd2 d6 5. c3 O-O 6. e4 Nbd7 7. Bc4 c6 8. O-O
e5 9. Re1 h6 10. Bh4 Qc7 11. Bf1 Nh5 12. Qb3 Nf4 13. Bg3 g5 14. Bxf4 exf4 15.
Bd3 Qd8 16. g3 h5 17. Nc4 Nb6 18. Nxb6 axb6 19. Kg2 h4 20. gxf4 gxf4 21. h3 Kh8
22. Kh2 Qd7 23. Bf1 Qd8 24. Bg2 Ra5 25. c4 b5 26. cxb5 Rxb5 27. Qc2 c5 28. Rad1
cxd4 29. Nxd4 Rb4 30. Nb3 Qf6 31. Qe2 Qxb2 32. Qh5+ Kg8 33. Qxh4 Qxa2 34. Nd2
Rb2 35. Ra1 Qe6 36. Nf3 Qf6 37. Qxf6 Bxf6 38. e5 dxe5 39. Nxe5 Rxf2 40. Kg1 Rc2
41. Ra4 Re8 42. Rae4 Bxe5 43. Rxe5 Rxe5 44. Rxe5 Rc3 45. Kh2 f3 46. Bf1 Be6 47.
Kg3 f2+ 48. Kxf2 Bxh3 49. Rg5+ Kf8 50. Bxh3 Rxh3 51. Rb5 Kg7 52. Rxb7 Kg6 53.
Rb8 f5 54. Rg8+ Kf6 55. Rg3 Rh4 56. Ra3 Kg5 57. Rg3+ Kf4 58. Rf3+ Ke4 59. Re3+
Kd4 60. Re8 Rh3 61. Re7 Kd5 62. Re8 Kd4 63. Re7 Kd5 64. Re8 Kd6 65. Re1 Ra3 66.
Re8 Kd7 67. Re5 f4 68. Rf5 Ra4 69. Kf3 Ke6 70. Rxf4 Rxf4+ 71. Kxf4 1/2-1/2

[Event "Ì11Â"]
[Site "Loo"]
[Date "2017.04.22"]
[Round "3.19"]
[White "Ïîíêðàòîâ, Àëåêñåé."]
[Black "Ñîëîíåíêî, Ìàêñèì."]
[Result "0-1"]
[WhiteElo "1391"]
[BlackElo "1598"]
[PlyCount "212"]
[EventDate "2017.04.20"]

1. e4 e6 2. d4 d5 3. exd5 exd5 4. Bd3 Nc6 5. c3 Bd6 6. h3 Nf6 7. Bg5 h6 8. Bh4
O-O 9. Nf3 Re8+ 10. Be2 Be7 11. O-O Ne4 12. Bxe7 Qxe7 13. Re1 Qf6 14. Bd3 Bf5
15. Re3 Re6 16. Nbd2 Rae8 17. Bxe4 Bxe4 18. Nxe4 Rxe4 19. Rxe4 Rxe4 20. Qb3 Re2
21. Qxb7 Qd6 22. Qb5 Re6 23. Qd3 Re4 24. Qd2 Qe6 25. Re1 Kf8 26. Rxe4 Qxe4 27.
Qd1 Ke7 28. Qe1 Kd6 29. Qxe4 dxe4 30. Nd2 Kd5 31. b3 f5 32. Nf1 f4 33. g3 g5
34. h4 Ne7 35. Nh2 Nf5 36. hxg5 hxg5 37. gxf4 gxf4 38. Ng4 e3 39. fxe3 Nxe3 40.
Nf6+ Ke6 41. Ne4 Kf5 42. Nd2 Kg4 43. c4 Kg3 44. Nf1+ Kf3 45. Nd2+ Ke2 46. Ne4
Kd3 47. Nc5+ Kxd4 48. Ne6+ Ke4 49. Nxc7 Kf3 50. Ne6 Kg3 51. Ng5 f3 52. Ne4+ Kf4
53. Nf2 Ke5 54. Nd3+ Kd4 55. Nc1 Ng4 56. c5 Kxc5 57. Nd3+ Kd4 58. Nf4 Ke3 59.
Nd5+ Ke2 60. Nf4+ Ke1 61. Nd3+ Kd2 62. Nf4 Kc2 63. Nd5 Kb2 64. Nb4 Kc3 65. Nd5+
Kd4 66. Ne7 Ke3 67. Nf5+ Kf4 68. Nd4 Kg3 69. Nf5+ Kf4 70. Nd4 Ke4 71. Nc2 Kd3
72. Ne1+ Ke2 73. Nxf3 Kxf3 74. a3 Ne5 75. b4 Nc6 76. b5 Na5 77. Kf1 Ke3 78. Ke1
Kd3 79. Kd1 Kc3 80. Kc1 Kc4 81. Kb2 Kxb5 82. Kc3 Ka4 83. Kb2 Nc4+ 84. Kc3 Nxa3
85. Kb2 Kb4 86. Ka2 Nc4 87. Ka1 Kb3 88. Kb1 Ne3 89. Ka1 a5 90. Kb1 a4 91. Ka1
a3 92. Kb1 Nc2 93. Kc1 a2 94. Kd2 a1=Q 95. Ke2 Kc4 96. Kf3 Qf1+ 97. Ke4 Qd3+
98. Ke5 Qd4+ 99. Ke6 Qd5+ 100. Ke7 Ne3 101. Kf6 Qf5+ 102. Ke7 Nd5+ 103. Ke8
Qe6+ 104. Kf8 Qe7+ 105. Kg8 Nf6+ 106. Kh8 Qf8# 0-1

[Event "Ì11Â"]
[Site "Loo"]
[Date "2017.04.22"]
[Round "3.20"]
[White "Êóð÷åíêî, Åãîð."]
[Black "Ãóáàðåâ, Âëàäèñëàâ."]
[Result "0-1"]
[WhiteElo "1594"]
[BlackElo "1399"]
[PlyCount "110"]
[EventDate "2017.04.20"]

1. d4 d5 2. Nf3 Nf6 3. e3 c5 4. b3 Nc6 5. Bd3 Bg4 6. Nbd2 cxd4 7. exd4 Nxd4 8.
h3 Nxf3+ 9. Nxf3 Bh5 10. g4 Bg6 11. Bb5+ Nd7 12. Ne5 Qa5+ 13. Qd2 Qxb5 14. c4
dxc4 15. Nxc4 Qc6 16. O-O h5 17. g5 Nb6 18. Ne5 Qd5 19. Qe2 Nd7 20. Nc4 Bd3 21.
Rd1 Qxg5+ 22. Bxg5 Bxe2 23. Nd6+ exd6 24. Re1 f6 25. Rxe2+ Kf7 26. Bf4 Ne5 27.
Rd1 Be7 28. Bxe5 fxe5 29. Kg2 Rac8 30. Rd3 Rh6 31. Rde3 Rg6+ 32. Kf3 Rf6+ 33.
Kg3 h4+ 34. Kg2 Rg6+ 35. Kf3 Bg5 36. Rd3 Bf4 37. Rb2 Bc1 38. Re2 Rf6+ 39. Kg2
Ke6 40. Rf3 Rxf3 41. Kxf3 d5 42. Kg4 g5 43. Kf3 e4+ 44. Kg2 Ke5 45. Kf1 d4 46.
f3 e3 47. Ke1 Bd2+ 48. Rxd2 exd2+ 49. Kxd2 Rc3 50. a3 Rxb3 51. f4+ Kxf4 52. Ke2
d3+ 53. Kd2 Ke4 54. Ke1 Ke3 55. Kf1 d2 0-1

[Event "Ì11Â"]
[Site "Loo"]
[Date "2017.04.22"]
[Round "3.21"]
[White "Àóøåâ, Ýìèí."]
[Black "Ãîäæóðîâ, Ëèäæè."]
[Result "0-1"]
[WhiteElo "1364"]
[BlackElo "1587"]
[PlyCount "148"]
[EventDate "2017.04.20"]

1. e4 c6 2. d4 d5 3. Nc3 dxe4 4. Nxe4 Bf5 5. Ng3 Bg6 6. h4 h6 7. Nf3 Nd7 8. h5
Bh7 9. Bd3 Bxd3 10. Qxd3 Ngf6 11. Bd2 e6 12. O-O-O Bd6 13. Ne4 Nxe4 14. Qxe4
Nf6 15. Qe2 a5 16. a3 b5 17. c4 bxc4 18. Qxc4 Qb6 19. Bc3 Nd5 20. g3 Rb8 21.
Kc2 Bxg3 22. Kb1 Bxf2 23. Rd2 Be3 24. Re2 Qb5 25. Qxb5 Rxb5 26. Kc2 Nxc3 27.
bxc3 Bf4 28. Rg2 Bg5 29. Ne5 Rb6 30. Rf1 f6 31. Nc4 Rb8 32. Re1 Kd7 33. Nxa5
Rb5 34. Nb3 Kd6 35. c4 Rf5 36. Nc5 e5 37. Ne4+ Ke6 38. Nc5+ Kf7 39. Rb1 Re8 40.
Ne4 Rd8 41. c5 Rf4 42. Nd6+ Ke6 43. dxe5 fxe5 44. Rb4 Rxb4 45. axb4 Rb8 46. Kb3
Kd5 47. Rg4 Rf8 48. Nc4 Rf4 49. Nb6+ Kd4 50. Rg3 e4 51. Nc4 Rf3+ 52. Rxf3 exf3
53. b5 Kxc5 54. Ne5 Kxb5 55. Nxf3 c5 56. Ne5 Bf6 57. Nc4 Bd4 58. Nd2 Kc6 59.
Nf3 Kd5 60. Nxd4 Kxd4 61. Kb2 Kd3 62. Kc1 Kc3 63. Kd1 Kb2 64. Kd2 c4 65. Kd1 c3
66. Ke2 c2 67. Kf3 c1=Q 68. Kg4 Qe3 69. Kh4 Qg1 70. Kh3 Kc2 71. Kh4 Kd3 72. Kh3
Ke4 73. Kh4 Kf3 74. Kh3 Qh1# 0-1

[Event "Ì11Â"]
[Site "Loo"]
[Date "2017.04.22"]
[Round "3.22"]
[White "Àëåêñååâ, Àíäðåé."]
[Black "Òþãàøåâ, Ãðèãîðèé."]
[Result "1/2-1/2"]
[WhiteElo "1257"]
[BlackElo "1524"]
[PlyCount "116"]
[EventDate "2017.04.20"]

1. d4 Nf6 2. Nf3 e6 3. g3 d5 4. Bg2 c5 5. O-O Nc6 6. c4 dxc4 7. Qa4 Bd7 8. Qxc4
Qb6 9. dxc5 Qxc5 10. Qxc5 Bxc5 11. a3 O-O 12. b4 Bb6 13. Bb2 Nd5 14. Nc3 Nxc3
15. Bxc3 f6 16. Rfd1 Rfd8 17. Rac1 Be8 18. Ba1 Rxd1+ 19. Rxd1 Rd8 20. Rxd8 Nxd8
21. Nd4 e5 22. Nf5 Kf8 23. Nd6 Bc6 24. Bxc6 bxc6 25. Nc8 Nb7 26. Nxb6 axb6 27.
e4 Nd6 28. f3 Nc4 29. a4 Ke7 30. Kf2 Kd7 31. Ke2 Kc7 32. Kd3 b5 33. f4 Kd6 34.
fxe5+ fxe5 35. h3 Nb6 36. a5 Nd7 37. g4 Nb8 38. h4 Na6 39. Kc3 h6 40. Bb2 Ke6
41. Bc1 Kf6 42. Be3 Ke6 43. Bf2 Kd6 44. Be3 c5 45. bxc5+ Nxc5 46. Kb4 Nxe4 47.
Kxb5 Kc7 48. a6 Kb8 49. a7+ Ka8 50. Kc6 Nf6 51. g5 Ng4 52. gxh6 gxh6 53. Kd5
Nxe3+ 54. Kxe5 Ng2 55. Kf5 Nxh4+ 56. Kg4 Ng2 57. Kh5 Nf4+ 58. Kxh6 Kxa7 1/2-1/2

[Event "Ì11Â"]
[Site "Loo"]
[Date "2017.04.22"]
[Round "3.23"]
[White "Òàðàñåíêî, ßðîñëàâ."]
[Black "ßêóøêîâ, Ïàâåë."]
[Result "1-0"]
[WhiteElo "1629"]
[BlackElo "1404"]
[PlyCount "67"]
[EventDate "2017.04.20"]

1. e4 e5 2. Nf3 Nc6 3. Nc3 Nf6 4. Be2 Bc5 5. Nxe5 Nxe5 6. d4 Bxd4 7. Qxd4 d6 8.
O-O h6 9. f4 Nc6 10. Qf2 O-O 11. Bf3 Nd7 12. Be3 Nb6 13. b3 Be6 14. Rad1 Qc8
15. f5 Bd7 16. f6 Ne5 17. fxg7 Kxg7 18. Qh4 Rh8 19. Bh5 Qd8 20. Qf2 Qe7 21. Bd4
Rhf8 22. Rd3 f6 23. Rg3+ Kh7 24. Bxb6 axb6 25. Nd5 Qd8 26. Nxf6+ Kh8 27. Qf4
Rxf6 28. Qxf6+ Qxf6 29. Rxf6 Kh7 30. a4 b5 31. axb5 Bxb5 32. h3 Ra2 33. Bf7
Rxc2 34. Bg8+ 1-0